000 00927nas a2200301 4500
001 BR2015005297
003 BR-BrBNA
005 20231205125719.0
007 ta
008 230509b bl.|||p| |||| 00| 00por d
040 _aBR-BrBNA
_bpor
_cBiblioteca Nacional de Agricultura
041 _a(Pt)
072 _aL73; L50
100 1 _aCoelho, E.L.M.
100 1 _aChaves, N.P.
100 1 _aSá, J.C. de
100 1 _aMelo, S. de A.
100 1 _aSilva, A.L.A.
245 1 _aPrevalência de leptospirose em fêmeas bovinas abatidas em frigoríficos no município de São Luís, MA
650 _aBOVINO
650 _aLEPTOSPIROSE
650 _aDOENÇA ANIMAL
650 _aANTIGENO
650 _aANTICORPO
773 0 _tRevista Brasileira de Medicina Veterinária (Brazil)
_xISSN 0100-2430
_g(Apr-Jun 2014), v. 36(2) p. 111-115
_wBR2015005297
909 _a202311
_bLúcia
_c55
_dLúcia Elande
942 _2AGRIS
_n0
_cANA
999 _c245727
_d245727